[Event "VL 2016/17"]
[Site "Mecklenburg/Vorpommern"]
[Date "2016.11.06"]
[Round "2.5"]
[White "Schmidt, Reinhard"]
[Black "Stoevesand, Peter"]
[Result "0-1"]
[WhiteElo "1786"]
[BlackElo "1851"]
[PlyCount "108"]
[EventType "team-tourn"]
[EventRounds "9"]
[SourceDate "2016.10.16"]
[WhiteTeam "SF Ostsee Warnemünde"]
[BlackTeam "SG Neubrandenburg"]

1. e4 e5 2. Bc4 Nc6 3. d3 Bc5 4. Be3 Bb6 5. Ne2 d6 6. O-O Be6 7. Bxe6 fxe6 8.
Bxb6 axb6 9. f4 Qd7 10. fxe5 Nxe5 11. Nd4 Nf6 12. h3 O-O 13. Nc3 d5 14. exd5
exd5 15. Qe1 Rae8 16. Qg3 Ng6 17. Rae1 c5 18. Nb3 d4 19. Ne4 Nxe4 20. Rxf8+
Nxf8 21. Rxe4 Rxe4 22. dxe4 Ng6 23. Kf2 Qf7+ 24. Ke1 Qf4 25. Qxf4 Nxf4 26. Kf2
g5 27. Kf3 Kf7 28. a4 Ng6 29. Kg4 Kf6 30. a5 bxa5 31. Nxc5 Ne5+ 32. Kg3 b6 33.
Nd3 a4 34. Nb4 Nc4 35. b3 axb3 36. cxb3 Nd2 37. Nd5+ Ke5 38. Nxb6 Nxb3 39. Kf3
Nd2+ 40. Kg4 d3 41. Na4 Nxe4 42. Nb2 d2 43. Nd1 Kd4 44. h4 gxh4 45. Kxh4 Kd3
46. g4 Ke2 47. Nb2 Nc5 48. g5 Ke1 49. Kg3 Na4 50. Nd3+ Ke2 51. Nf2 Nc5 52. Kg2
Ne6 53. Ne4 Nxg5 54. Nc3+ Ke1 0-1

[Event "VL 2016/17"]
[Site "Mecklenburg/Vorpommern"]
[Date "2016.11.06"]
[Round "2.6"]
[White "Witkowski, Rainer"]
[Black "Staben, Norbert"]
[Result "0-1"]
[WhiteElo "1858"]
[BlackElo "1689"]
[PlyCount "46"]
[EventType "team-tourn"]
[EventRounds "9"]
[SourceDate "2016.10.16"]
[WhiteTeam "SG Neubrandenburg"]
[BlackTeam "SF Ostsee Warnemünde"]

1. e4 c5 2. c3 d5 3. exd5 Qxd5 4. d4 cxd4 5. cxd4 Nc6 6. Nf3 Bg4 7. Be2 e6 8.
Nc3 Bb4 9. O-O Bxc3 10. bxc3 Nge7 11. h3 Bf5 12. Ba3 O-O 13. c4 Qa5 14. Qb3
Rfd8 15. Bxe7 Nxe7 16. Qxb7 Ng6 17. c5 Rab8 18. Qa6 Qc7 19. Bd3 Bxd3 20. Qxd3
e5 21. Rac1 exd4 22. Nxd4 Qf4 23. Ne2 Rxd3 0-1

[Event "VL 2016/17"]
[Site "Mecklenburg/Vorpommern"]
[Date "2016.11.06"]
[Round "2.7"]
[White "Vladov, Mark"]
[Black "Winkler, Karl"]
[Result "0-1"]
[WhiteElo "1619"]
[BlackElo "1844"]
[PlyCount "70"]
[EventType "team-tourn"]
[EventRounds "9"]
[SourceDate "2016.10.16"]
[WhiteTeam "SF Ostsee Warnemünde"]
[BlackTeam "SG Neubrandenburg"]

1. c4 Nf6 2. Nc3 d5 3. e3 e6 4. Nf3 Be7 5. d4 O-O 6. Bd3 dxc4 7. Bxc4 b6 8. O-O
Bb7 9. Bb3 Ne4 10. Nd2 Nxd2 11. Bxd2 c5 12. dxc5 Bxc5 13. Na4 Qg5 14. g3 Nd7
15. h4 Qe7 16. Nxc5 Nxc5 17. Bb4 Rac8 18. Qe2 Qf6 19. Bd1 Ba6 20. Bc3 Bxe2 21.
Bxf6 Bxf1 22. Be7 Ba6 23. Bxf8 Kxf8 24. b4 Nd3 25. a3 Rc1 26. Rxc1 Nxc1 27. a4
Bc4 28. a5 bxa5 29. bxa5 Nb3 30. Bxb3 Bxb3 31. Kf1 Ke7 32. Ke1 Kd6 33. Kd2 Kc5
34. Kc3 Bc4 35. e4 e5 0-1

[Event "VL 2016/17"]
[Site "Mecklenburg/Vorpommern"]
[Date "2016.11.06"]
[Round "2.8"]
[White "Baier, Karsten"]
[Black "Staben, Thomas"]
[Result "1-0"]
[WhiteElo "1839"]
[BlackElo "1591"]
[PlyCount "51"]
[EventType "team-tourn"]
[EventRounds "9"]
[SourceDate "2016.10.16"]
[WhiteTeam "SG Neubrandenburg"]
[BlackTeam "SF Ostsee Warnemünde"]

1. d4 d5 2. c4 Nf6 3. Nc3 e6 4. Bg5 Be7 5. e3 O-O 6. Nf3 b6 7. Be2 Bb7 8. Bxf6
Bxf6 9. cxd5 exd5 10. O-O c5 11. Rc1 Na6 12. Qa4 Nc7 13. dxc5 bxc5 14. Rfd1 Qe7
15. b3 a6 16. Qg4 Rfd8 17. Bd3 Nb5 18. Na4 Rac8 19. Re1 Na3 20. e4 dxe4 21.
Bxe4 Bxe4 22. Rxe4 Qd6 23. h4 h6 24. h5 Rc7 25. Qf5 Qd5 26. Re8+ 1-0

[Event "VL 2016/17"]
[Site "Mecklenburg/Vorpommern"]
[Date "2016.11.06"]
[Round "2.1"]
[White "Schinke, Andreas"]
[Black "Jeske, Holger"]
[Result "1-0"]
[WhiteElo "2034"]
[BlackElo "1852"]
[PlyCount "97"]
[EventType "team-tourn"]
[EventRounds "9"]
[SourceDate "2016.10.16"]
[WhiteTeam "Grevesmuehlen "]
[BlackTeam "SSC Rostock II"]

1. e4 c5 2. c3 e6 3. d4 f5 4. exf5 exf5 5. Bd3 d6 6. Nf3 Be7 7. O-O Nf6 8. Qc2
O-O 9. Bxf5 Bxf5 10. Qxf5 Qd7 11. Qxd7 Nfxd7 12. Re1 Nc6 13. Be3 h6 14. Nbd2 b5
15. Ne4 c4 16. b3 d5 17. Nc5 Nxc5 18. dxc5 b4 19. bxc4 dxc4 20. Nd4 Ne5 21.
cxb4 Nd3 22. Re2 Bf6 23. Rb1 Rfe8 24. Rc2 Nxb4 25. Rxb4 Bxd4 26. Rbxc4 Rab8 27.
Kf1 Bxe3 28. fxe3 Rxe3 29. c6 Rf8+ 30. Rf2 Rfe8 31. g3 Re1+ 32. Kg2 Rc8 33. c7
Re7 34. Rfc2 g6 35. Rc6 Kg7 36. Kf3 Rf8+ 37. Kg4 Rc8 38. h4 Re4+ 39. Kf3 Re7
40. R2c3 Rf8+ 41. Kg4 Rc8 42. R3c4 Rf7 43. h5 gxh5+ 44. Kxh5 Rf5+ 45. Kg4 Rf7
46. R4c5 Rf1 47. Ra5 Kh7 48. Rxa7 Rg8+ 49. Kh3 1-0

[Event "VL 2016/17"]
[Site "Mecklenburg/Vorpommern"]
[Date "2016.11.06"]
[Round "2.2"]
[White "Schumann, Rabea"]
[Black "Naujok, Joerg"]
[Result "1-0"]
[WhiteElo "1803"]
[BlackElo "1979"]
[PlyCount "45"]
[EventType "team-tourn"]
[EventRounds "9"]
[SourceDate "2016.10.16"]
[WhiteTeam "SSC Rostock II"]
[BlackTeam "Grevesmuehlen "]

1. c4 g6 2. g3 Bg7 3. Bg2 c6 4. Nc3 d6 5. e4 e5 6. Nge2 Be6 7. d3 Nd7 8. O-O
Ne7 9. Be3 O-O 10. Rc1 f5 11. Qd2 Nf6 12. f3 a6 13. b4 d5 14. cxd5 cxd5 15. d4
Nc6 16. dxe5 fxe4 17. exf6 Bxf6 18. Nd4 exf3 19. Nxe6 fxg2 20. Nxd8 gxf1=Q+ 21.
Rxf1 d4 22. Nxc6 dxc3 23. Qd5+ 1-0

[Event "VL 2016/17"]
[Site "Mecklenburg/Vorpommern"]
[Date "2016.11.06"]
[Round "2.3"]
[White "Boehme, Andy"]
[Black "Moritz, Hartmut"]
[Result "1-0"]
[WhiteElo "1992"]
[BlackElo "1844"]
[PlyCount "45"]
[EventType "team-tourn"]
[EventRounds "9"]
[SourceDate "2016.10.16"]
[WhiteTeam "Grevesmuehlen "]
[BlackTeam "SSC Rostock II"]

1. Nf3 d5 2. c4 d4 3. e3 c5 4. b4 dxe3 5. fxe3 b6 6. bxc5 bxc5 7. Be2 Nc6 8.
O-O Nf6 9. Nc3 e5 10. Ng5 h6 11. Bf3 Bd7 12. Nge4 Be7 13. Nxf6+ Bxf6 14. Bd5
O-O 15. Ne4 Be7 16. Qh5 Qe8 17. Ba3 Rc8 18. Rf3 Be6 19. Raf1 Qd7 20. Rg3 Bxd5
21. Qxh6 g6 22. cxd5 Qxd5 23. Rh3 1-0

[Event "VL 2016/17"]
[Site "Mecklenburg/Vorpommern"]
[Date "2016.11.06"]
[Round "2.4"]
[White "Herde, Dittmar"]
[Black "Wecke, Thoralf"]
[Result "1/2-1/2"]
[WhiteElo "1829"]
[BlackElo "1849"]
[PlyCount "35"]
[EventType "team-tourn"]
[EventRounds "9"]
[SourceDate "2016.10.16"]
[WhiteTeam "SSC Rostock II"]
[BlackTeam "Grevesmuehlen "]

1. d4 d6 2. c4 e5 3. dxe5 dxe5 4. Nc3 Qxd1+ 5. Kxd1 c6 6. Nf3 f6 7. a3 Be6 8.
e3 Nd7 9. b4 a5 10. b5 Nc5 11. Kc2 Bf5+ 12. Kb2 O-O-O 13. Nd2 a4 14. e4 Be6 15.
Nf3 Nh6 16. Bxh6 gxh6 17. Be2 Bg7 18. Rad1 1/2-1/2

[Event "VL 2016/17"]
[Site "Mecklenburg/Vorpommern"]
[Date "2016.11.06"]
[Round "2.5"]
[White "Streit, Bodo"]
[Black "Nour, Alaa"]
[Result "1-0"]
[WhiteElo "1766"]
[BlackElo "2008"]
[PlyCount "57"]
[EventType "team-tourn"]
[EventRounds "9"]
[SourceDate "2016.10.16"]
[WhiteTeam "Grevesmuehlen "]
[BlackTeam "SSC Rostock II"]

1. b4 e5 2. Bb2 d6 3. e4 Nf6 4. Nc3 Bd7 5. b5 a6 6. a4 c6 7. bxa6 Nxa6 8. Bc4
Be7 9. Nf3 O-O 10. O-O Nc7 11. d4 exd4 12. Qxd4 Ne6 13. Bxe6 fxe6 14. e5 Nd5
15. exd6 Bf6 16. Ne5 Be8 17. Ne4 Bh5 18. f4 c5 19. Nxc5 Qc8 20. f5 Bxe5 21.
Qxe5 Nf6 22. Nxe6 Re8 23. Ra3 Qd7 24. Rg3 Bg4 25. Qxf6 Rxe6 26. fxe6 gxf6 27.
Rxg4+ Qg7 28. Rxg7+ Kxg7 29. Bxf6+ 1-0

[Event "VL 2016/17"]
[Site "Mecklenburg/Vorpommern"]
[Date "2016.11.06"]
[Round "2.6"]
[White "Menkhaus, Wolf Dieter"]
[Black "Haase, Sebastian"]
[Result "1/2-1/2"]
[WhiteElo "1800"]
[BlackElo "1726"]
[PlyCount "23"]
[EventType "team-tourn"]
[EventRounds "9"]
[SourceDate "2016.10.16"]
[WhiteTeam "SSC Rostock II"]
[BlackTeam "Grevesmuehlen "]

1. d4 Nf6 2. c4 d6 3. Nc3 g6 4. e4 Bg7 5. Be2 O-O 6. f4 c6 7. Nf3 Nfd7 8. Be3
e5 9. fxe5 dxe5 10. Qd2 exd4 11. Bxd4 Bxd4 12. Qxd4 1/2-1/2

[Event "VL 2016/17"]
[Site "Mecklenburg/Vorpommern"]
[Date "2016.11.06"]
[Round "2.7"]
[White "Wulff, Jens Peter"]
[Black "Hochgraefe, Hans Juergen"]
[Result "1/2-1/2"]
[WhiteElo "1581"]
[BlackElo "1724"]
[PlyCount "65"]
[EventType "team-tourn"]
[EventRounds "9"]
[SourceDate "2016.10.16"]
[WhiteTeam "Grevesmuehlen "]
[BlackTeam "SSC Rostock II"]

1. d4 Nf6 2. Nf3 e6 3. Bf4 d5 4. Nbd2 Bd6 5. Ne5 Nbd7 6. Ndf3 O-O 7. e3 Ne4 8.
Bd3 f6 9. Nxd7 Qxd7 10. Bxd6 Qxd6 11. Bxe4 dxe4 12. Nd2 f5 13. a3 c5 14. Nc4
Qd5 15. Ne5 b5 16. b4 cxd4 17. Qxd4 Bb7 18. Qxd5 Bxd5 19. Nd7 Rfd8 20. Nc5 a5
21. O-O Kf7 22. f4 Ke7 23. Rfc1 Ra7 24. bxa5 Rxa5 25. Nb3 Ra4 26. Nd4 b4 27.
axb4 Rxb4 28. Ra6 Rd6 29. Ra7+ Rd7 30. Ra5 Rc4 31. Kf2 g6 32. h3 Rb7 33. g4
1/2-1/2

[Event "VL 2016/17"]
[Site "Mecklenburg/Vorpommern"]
[Date "2016.11.06"]
[Round "2.8"]
[White "Wurst, Benedikt"]
[Black "Barth, Richard"]
[Result "1/2-1/2"]
[WhiteElo "1575"]
[BlackElo "1345"]
[PlyCount "61"]
[EventType "team-tourn"]
[EventRounds "9"]
[SourceDate "2016.10.16"]
[WhiteTeam "SSC Rostock II"]
[BlackTeam "Grevesmuehlen "]

1. e4 c5 2. Nf3 a6 3. d4 cxd4 4. Nxd4 Nf6 5. Nc3 e5 6. Nb3 Bb4 7. Bd3 d5 8.
exd5 Nxd5 9. Bd2 Bxc3 10. Bxc3 Nxc3 11. bxc3 Qc7 12. Qd2 O-O 13. O-O Nd7 14.
Rfe1 b6 15. Qe3 Bb7 16. Qh3 g6 17. Rad1 Bc8 18. Be4 Nf6 19. Qe3 Nxe4 20. Qxe4
Bf5 21. Qxe5 Qxe5 22. Rxe5 Bxc2 23. Rd6 Rad8 24. Red5 Rxd6 25. Rxd6 Bxb3 26.
axb3 Rb8 27. g3 Kf8 28. b4 Ke7 29. Rc6 Rb7 30. c4 Kd7 31. Rf6 1/2-1/2

[Event "VL 2016/17"]
[Site "Mecklenburg/Vorpommern"]
[Date "2016.11.06"]
[Round "2.1"]
[White "Mehl, Ronald"]
[Black "Kalhorn, Stefan"]
[Result "1-0"]
[WhiteElo "2054"]
[BlackElo "2074"]
[PlyCount "115"]
[EventType "team-tourn"]
[EventRounds "9"]
[SourceDate "2016.10.16"]
[WhiteTeam "FHSG Stralsund"]
[BlackTeam "Greifswalder SV II"]

1. d4 d5 2. Nf3 Nf6 3. g3 c5 4. Bg2 cxd4 5. O-O Bg4 6. Qxd4 Nc6 7. Qa4 e6 8.
Nc3 Qa5 9. Qxa5 Nxa5 10. Nb5 Rc8 11. Nxa7 Rxc2 12. Nd4 Rc4 13. e3 Bc5 14. Nab5
Nc6 15. b3 Rxd4 16. exd4 Nxd4 17. Ba3 Bb6 18. Nxd4 Bxd4 19. Rac1 Kd7 20. Bc5
Bb2 21. Rc2 Rc8 22. Rxb2 Rxc5 23. b4 Rc3 24. a4 Ra3 25. a5 Ne8 26. Rc1 Bf5 27.
Bf1 Nd6 28. Be2 e5 29. b5 Rxa5 30. b6 Ke6 31. g4 Bg6 32. f3 f5 33. h3 e4 34.
gxf5+ Bxf5 35. fxe4 Bxe4 36. Kf2 Ra3 37. Rc7 g5 38. Bg4+ Ke5 39. Re7+ Kf4 40.
Re6 Nc4 41. Rb4 Ra2+ 42. Be2 Nb2 43. Ke1 Ke3 44. Rb3+ Kd4 45. Re7 Nc4 46. Rxb7
Ra6 47. Ra7 Rxb6 48. Bxc4 Re6 49. Be2 Bc2 50. Ra4+ Ke5 51. Re3+ Be4 52. Bf3 Kf5
53. Kf2 Re7 54. Bxe4+ dxe4 55. Ra8 h5 56. Rf8+ Ke5 57. Rg3 Rg7 58. Ke3 1-0

[Event "VL 2016/17"]
[Site "Mecklenburg/Vorpommern"]
[Date "2016.11.06"]
[Round "2.2"]
[White "Woll, Wilfried"]
[Black "Hubert, Peter"]
[Result "1/2-1/2"]
[WhiteElo "2083"]
[BlackElo "2001"]
[PlyCount "20"]
[EventType "team-tourn"]
[EventRounds "9"]
[SourceDate "2016.10.16"]
[WhiteTeam "Greifswalder SV II"]
[BlackTeam "FHSG Stralsund"]

1. c4 e5 2. g3 Nf6 3. Bg2 Nc6 4. Nc3 Bc5 5. e3 O-O 6. Nge2 d6 7. O-O Bg4 8. f3
Bf5 9. d4 exd4 10. exd4 Bb6 1/2-1/2

[Event "VL 2016/17"]
[Site "Mecklenburg/Vorpommern"]
[Date "2016.11.06"]
[Round "2.3"]
[White "Glawe, Hartmut"]
[Black "Schwahn, Christian"]
[Result "1-0"]
[WhiteElo "1939"]
[BlackElo "1979"]
[PlyCount "115"]
[EventType "team-tourn"]
[EventRounds "9"]
[SourceDate "2016.10.16"]
[WhiteTeam "FHSG Stralsund"]
[BlackTeam "Greifswalder SV II"]

1. d4 Nf6 2. Bf4 b6 3. Nf3 Bb7 4. e3 g6 5. c4 Bg7 6. Nc3 O-O 7. Be2 a5 8. h3
Na6 9. O-O d6 10. Rc1 Nd7 11. Qb3 e5 12. Bg5 f6 13. Bh4 e4 14. Nd2 g5 15. Bg3
f5 16. c5+ Kh8 17. cxd6 c5 18. d5 Nb4 19. Bc4 f4 20. Bh2 Ne5 21. Ndxe4 a4 22.
Nxa4 Nxc4 23. Rxc4 Bxd5 24. Nac3 Bg8 25. Rd1 Rf5 26. a3 Nc6 27. Qb5 Na7 28. Qb3
Nc6 29. Qb5 Na7 30. Qb3 b5 31. Nxb5 Nxb5 32. Qxb5 Rb8 33. Qa4 Bxc4 34. Qxc4 Qd7
35. Nxc5 Qc6 36. b4 fxe3 37. fxe3 Rbf8 38. Bg3 h5 39. e4 R5f7 40. Qd5 Qb5 41.
Nd3 Qxd5 42. exd5 Bd4+ 43. Kh2 Be3 44. Ne5 Rf1 45. Rxf1 Rxf1 46. Nf3 Kg8 47. d7
Bb6 48. Bd6 g4 49. hxg4 hxg4 50. Ne5 Rd1 51. Bc5 Bd8 52. d6 Bh4 53. Nc6 Rd3 54.
Ne7+ Kf7 55. d8=Q Bg3+ 56. Kh1 Rd1+ 57. Bg1 Rxd6 58. Qg8+ 1-0

[Event "VL 2016/17"]
[Site "Mecklenburg/Vorpommern"]
[Date "2016.11.06"]
[Round "2.4"]
[White "Sowada, Christoph"]
[Black "Kohn, Andreas"]
[Result "1/2-1/2"]
[WhiteElo "1919"]
[BlackElo "1917"]
[PlyCount "23"]
[EventType "team-tourn"]
[EventRounds "9"]
[SourceDate "2016.10.16"]
[WhiteTeam "Greifswalder SV II"]
[BlackTeam "FHSG Stralsund"]

1. e4 e6 2. d4 d5 3. Nd2 c5 4. Ngf3 Nc6 5. Bb5 a6 6. Bxc6+ bxc6 7. O-O cxd4 8.
Nxd4 Bc5 9. Nxc6 Qc7 10. exd5 Nf6 11. Nf3 Nxd5 12. Nce5 1/2-1/2

[Event "VL 2016/17"]
[Site "Mecklenburg/Vorpommern"]
[Date "2016.11.06"]
[Round "2.5"]
[White "Paulowitz, Bernd Rainer"]
[Black "Hertel, Johannes"]
[Result "0-1"]
[WhiteElo "1892"]
[BlackElo "1839"]
[PlyCount "48"]
[EventType "team-tourn"]
[EventRounds "9"]
[SourceDate "2016.10.16"]
[WhiteTeam "FHSG Stralsund"]
[BlackTeam "Greifswalder SV II"]

1. Nf3 c5 2. c4 Nc6 3. Nc3 g6 4. g3 Bg7 5. Bg2 e5 6. d3 Nge7 7. e4 d6 8. Bg5 h6
9. Be3 O-O 10. Qd2 Kh7 11. h4 f5 12. Nh2 Nd4 13. O-O Rb8 14. Rae1 Ne6 15. f4
exf4 16. gxf4 h5 17. Nf3 Nc6 18. exf5 Rxf5 19. Bh3 Ncd4 20. Ne4 Nxf3+ 21. Rxf3
Nd4 22. Rff1 Qxh4 23. Qg2 Rf8 24. Bxc8 Rbxc8 0-1

[Event "VL 2016/17"]
[Site "Mecklenburg/Vorpommern"]
[Date "2016.11.06"]
[Round "2.6"]
[White "Nauschuetz, Ernst"]
[Black "Kohn, Thomas"]
[Result "1-0"]
[WhiteElo "1838"]
[BlackElo "1857"]
[PlyCount "83"]
[EventType "team-tourn"]
[EventRounds "9"]
[SourceDate "2016.10.16"]
[WhiteTeam "Greifswalder SV II"]
[BlackTeam "FHSG Stralsund"]

1. c4 Nf6 2. g3 g6 3. Bg2 Bg7 4. Nf3 O-O 5. O-O c5 6. d4 cxd4 7. Nxd4 Nc6 8.
Nc3 Qb6 9. Nb3 d6 10. c5 dxc5 11. Na4 Qc7 12. Naxc5 b6 13. Nd3 Bb7 14. Bd2 Rfd8
15. Rc1 Rac8 16. Rc2 Qd7 17. Qc1 a5 18. Be3 a4 19. Nd2 Nd5 20. Nf3 e5 21. Ng5
h6 22. Ne4 f5 23. Nc3 Nxe3 24. Qxe3 Nd4 25. Rcc1 Bxg2 26. Kxg2 Re8 27. Rfd1
Qb7+ 28. Kg1 f4 29. Qd2 fxg3 30. hxg3 b5 31. Qe3 Kh7 32. Ne4 Rxc1 33. Rxc1 Nf5
34. Qf3 Nd4 35. Ng5+ hxg5 36. Qxb7 Nxe2+ 37. Kf1 Nxc1 38. Nxc1 Rd8 39. Ke1 Rd4
40. Qxb5 g4 41. Ne2 Re4 42. Kd2 1-0

[Event "VL 2016/17"]
[Site "Mecklenburg/Vorpommern"]
[Date "2016.11.06"]
[Round "2.7"]
[White "Klepin, Wilfried"]
[Black "Dombrowski, Frank"]
[Result "1/2-1/2"]
[WhiteElo "1831"]
[BlackElo "1988"]
[PlyCount "74"]
[EventType "team-tourn"]
[EventRounds "9"]
[SourceDate "2016.10.16"]
[WhiteTeam "FHSG Stralsund"]
[BlackTeam "Greifswalder SV II"]

1. d4 c6 2. c4 d5 3. e3 Bf5 4. Nc3 Nf6 5. f4 e6 6. Bd3 Bxd3 7. Qxd3 Nbd7 8. Nf3
Be7 9. O-O O-O 10. Bd2 a6 11. c5 b6 12. b4 a5 13. a3 axb4 14. axb4 b5 15. Qc2
Qc7 16. Ra2 Ra7 17. Rfa1 Rfa8 18. h3 g6 19. g4 h5 20. g5 Ne8 21. Ne2 Ng7 22.
Ne5 Nxe5 23. dxe5 Nf5 24. Nd4 Nxd4 25. exd4 Qb7 26. Bc3 Rxa2 27. Rxa2 Ra6 28.
Kf2 Kf8 29. h4 Ke8 30. Ke2 Kd7 31. Kd1 Qa8 32. Rxa6 Qxa6 33. Kc1 Kc8 34. Kb2
Kb7 35. Bd2 Kc7 36. Qd1 Kd7 37. Qa1 Qxa1+ 1/2-1/2

[Event "VL 2016/17"]
[Site "Mecklenburg/Vorpommern"]
[Date "2016.11.06"]
[Round "2.8"]
[White "Troyke, Jannis"]
[Black "Giese, Lothar"]
[Result "0-1"]
[WhiteElo "1710"]
[BlackElo "1795"]
[PlyCount "84"]
[EventType "team-tourn"]
[EventRounds "9"]
[SourceDate "2016.10.16"]
[WhiteTeam "Greifswalder SV II"]
[BlackTeam "FHSG Stralsund"]

1. e4 d6 2. d4 g6 3. Nc3 Bg7 4. f4 Nf6 5. Nf3 O-O 6. Bc4 c6 7. a4 d5 8. exd5
cxd5 9. Bd3 Bg4 10. Be3 Nc6 11. h3 Bxf3 12. Qxf3 e6 13. Rd1 Qb6 14. b3 Qb4 15.
Bd2 Qxd4 16. a5 a6 17. Na4 Nb4 18. Be3 Nxd3+ 19. Rxd3 Qb4+ 20. Bd2 Qe7 21. O-O
Ne4 22. Be1 Rac8 23. Qe2 Qc7 24. c4 Nc5 25. Bb4 Nxd3 26. Bxf8 Bxf8 27. Qxd3
dxc4 28. bxc4 Qxc4 29. Qxc4 Rxc4 30. Nb6 Bc5+ 31. Kh2 Bxb6 32. axb6 Rb4 33. Kg3
Rxb6 34. Rc1 Kg7 35. Kf3 Rb4 36. Rc7 a5 37. Rc5 b5 38. Rc8 a4 39. Ra8 h5 40. g4
hxg4+ 41. hxg4 Rb3+ 42. Ke2 a3 0-1

[Event "VL 2016/17"]
[Site "Mecklenburg/Vorpommern"]
[Date "2016.11.06"]
[Round "2.2"]
[White "Zentgraf, Robert"]
[Black "Wiemer, Juergen"]
[Result "1-0"]
[WhiteElo "2099"]
[BlackElo "1952"]
[PlyCount "131"]
[EventType "team-tourn"]
[EventRounds "9"]
[SourceDate "2016.10.16"]
[WhiteTeam "SAV Torgelow"]
[BlackTeam "VT Ludwigslust"]

1. d4 Nf6 2. Nf3 d5 3. c4 dxc4 4. e3 Bg4 5. Bxc4 e6 6. O-O c6 7. b3 Bd6 8. Bb2
Nbd7 9. Be2 Qc7 10. Nbd2 O-O 11. h3 Bh5 12. Nc4 Be7 13. Qc2 Nd5 14. a3 Rac8 15.
b4 Rce8 16. Rac1 Qb8 17. Nfe5 Nxe5 18. Bxh5 Nxc4 19. Qxc4 g6 20. Bf3 Nb6 21.
Qb3 Bf6 22. a4 Qd6 23. b5 Be7 24. bxc6 bxc6 25. Rxc6 Qb4 26. Qxb4 Bxb4 27. Bc3
Bxc3 28. Rxc3 Nxa4 29. Ra3 Nb6 30. Rxa7 Nc8 31. Rc7 Re7 32. Rfc1 Rxc7 33. Rxc7
Rd8 34. Kf1 Kf8 35. Ke2 Ne7 36. Ra7 Rb8 37. Ra8 Rxa8 38. Bxa8 f5 39. Bb7 Kf7
40. Kd3 Ng8 41. Kc4 Nf6 42. Kc5 Ke7 43. Bc6 g5 44. Kc4 Kd6 45. Ba8 e5 46. dxe5+
Kxe5 47. Kd3 h6 48. Ke2 f4 49. Kf3 h5 50. exf4+ gxf4 51. Bb7 Kf5 52. Bc8+ Ke5
53. Bb7 Kf5 54. Ba6 Ke5 55. Bd3 Ne8 56. Bb5 Ng7 57. Bd7 Kd6 58. Bc8 Ke5 59. h4
Nf5 60. Bxf5 Kxf5 61. g3 fxg3 62. Kxg3 Ke5 63. Kf3 Kf5 64. Ke3 Kg4 65. f4 Kxh4
66. Kf3 1-0

[Event "VL 2016/17"]
[Site "Mecklenburg/Vorpommern"]
[Date "2016.11.06"]
[Round "2.3"]
[White "Illgen, Alexander"]
[Black "Ehlers, Michael"]
[Result "1-0"]
[WhiteElo "1894"]
[BlackElo "1881"]
[PlyCount "135"]
[EventType "team-tourn"]
[EventRounds "9"]
[SourceDate "2016.10.16"]
[WhiteTeam "VT Ludwigslust"]
[BlackTeam "SAV Torgelow"]

1. d4 Nf6 2. c4 g6 3. Nc3 d5 4. Nf3 Bg7 5. e3 O-O 6. Bd2 e6 7. Qc2 Nbd7 8. cxd5
exd5 9. Be2 Nb6 10. O-O Bf5 11. Bd3 Bxd3 12. Qxd3 Nc4 13. b3 Nxd2 14. Nxd2 c6
15. b4 Qd6 16. Rfb1 Ng4 17. Nf3 f5 18. g3 Rae8 19. a3 h6 20. Kg2 g5 21. h3 Nf6
22. Ne5 f4 23. exf4 gxf4 24. Ng6 Rf7 25. Nxf4 Ne4 26. Re1 Rfe7 27. Rad1 a5 28.
Nxe4 Rxe4 29. Rxe4 Rxe4 30. Qc3 axb4 31. axb4 Qe7 32. Kf1 Kf7 33. Rd3 Qg5 34.
h4 Qe7 35. f3 Rxf4 36. gxf4 Qxh4 37. Qd2 Qh1+ 38. Ke2 Bf6 39. Qe3 Be7 40. Qe5
Bxb4 41. Qf5+ Kg7 42. Rd1 Qg2+ 43. Ke3 h5 44. Qxh5 Bd2+ 45. Rxd2 Qg1+ 46. Kd3
Qf1+ 47. Kc2 Qc4+ 48. Kb2 Qb4+ 49. Kc1 Qc4+ 50. Rc2 Qf1+ 51. Kd2 Qf2+ 52. Kd3
Qf1+ 53. Re2 Qd1+ 54. Rd2 Qf1+ 55. Kc2 Qc4+ 56. Kb2 Qb4+ 57. Kc1 Qc4+ 58. Rc2
Qf1+ 59. Kb2 Qb5+ 60. Kc3 Qc4+ 61. Kd2 Qxd4+ 62. Ke2 Qxf4 63. Qg4+ Qxg4 64.
fxg4 Kf6 65. Rb2 Kg5 66. Kf3 c5 67. Rxb7 c4 68. Rb5 1-0

[Event "VL 2016/17"]
[Site "Mecklenburg/Vorpommern"]
[Date "2016.11.06"]
[Round "2.4"]
[White "Bauer, Norbert"]
[Black "Krueger, Horst"]
[Result "1-0"]
[WhiteElo "1965"]
[BlackElo "1884"]
[PlyCount "94"]
[EventType "team-tourn"]
[EventRounds "9"]
[SourceDate "2016.10.16"]
[WhiteTeam "SAV Torgelow"]
[BlackTeam "VT Ludwigslust"]

1. d4 d5 2. Nc3 Nf6 3. Bg5 Bf5 4. f3 Nbd7 5. Nxd5 Nxd5 6. e4 h6 7. Bd2 Bg6 8.
exd5 a6 9. Nh3 Nf6 10. Nf4 Bh7 11. c4 g5 12. Nd3 Bg7 13. Bc3 O-O 14. Be2 Ne8
15. Ne5 Nd6 16. Bd3 Qc8 17. Bxh7+ Kxh7 18. Qd3+ Qf5 19. Qe2 f6 20. g4 Qc8 21.
Qd3+ Kg8 22. Ng6 Re8 23. O-O-O b5 24. c5 Nf7 25. Rde1 e6 26. dxe6 Nh8 27. Nxh8
Kxh8 28. d5 Qb7 29. c6 Qb6 30. Qg6 Qc5 31. Kb1 Qxd5 32. Bxf6 Bxf6 33. Qxf6+ Kh7
34. h4 Qd3+ 35. Ka1 Rf8 36. Qe7+ Kg8 37. hxg5 Qxf3 38. gxh6 Qf6 39. Qxf6 Rxf6
40. g5 Rg6 41. Re5 Re8 42. Rhe1 Kh7 43. a3 Rgg8 44. Rd1 Re7 45. Rd7 Rge8 46.
Ka2 Kg6 47. Rxe7 Rxe7 1-0

[Event "VL 2016/17"]
[Site "Mecklenburg/Vorpommern"]
[Date "2016.11.06"]
[Round "2.6"]
[White "Lehmann, Ruben"]
[Black "Hilpert, Andreas"]
[Result "1-0"]
[WhiteElo "1940"]
[BlackElo "1787"]
[PlyCount "99"]
[EventType "team-tourn"]
[EventRounds "9"]
[SourceDate "2016.10.16"]
[WhiteTeam "SAV Torgelow"]
[BlackTeam "VT Ludwigslust"]

1. d4 f5 2. g3 Nf6 3. Bg2 d5 4. c4 e6 5. Nh3 c6 6. Nd2 Bd6 7. O-O O-O 8. Qc2
Qe7 9. Nf3 Nbd7 10. Nf4 Ne4 11. Nd3 h6 12. Nfe5 Bxe5 13. dxe5 Ng5 14. Bd2 a5
15. b4 Ne4 16. Be1 axb4 17. cxd5 exd5 18. Bxb4 c5 19. Bxe4 fxe4 20. Nxc5 Rf5
21. f4 b6 22. Na6 Nc5 23. Bxc5 bxc5 24. Qxc5 Qf7 25. Nc7 Rb8 26. Qxd5 Qxd5 27.
Nxd5 Rf7 28. Rfb1 Rfb7 29. Ne7+ Kf7 30. Rxb7 Bxb7 31. Nf5 Ba6 32. Kf2 Rb2 33.
Nd4 Bc4 34. a4 Ba6 35. Ke3 Bb7 36. a5 Ba6 37. Kxe4 Rb4 38. e6+ Kf6 39. Rc1 Bxe2
40. Rc7 Bg4 41. Kd5 Ra4 42. Rf7+ Kg6 43. f5+ Bxf5 44. Rxf5 Rxa5+ 45. Ke4 Ra1
46. Rf3 Ra7 47. Kd5 Ra1 48. e7 Re1 49. Kd6 Re4 50. Rf4 1-0

[Event "VL 2016/17"]
[Site "Mecklenburg/Vorpommern"]
[Date "2016.11.06"]
[Round "2.7"]
[White "Emmrich, Olaf"]
[Black "Massloch, Philipp"]
[Result "1/2-1/2"]
[WhiteElo "1767"]
[BlackElo "1660"]
[PlyCount "45"]
[EventType "team-tourn"]
[EventRounds "9"]
[SourceDate "2016.10.16"]
[WhiteTeam "VT Ludwigslust"]
[BlackTeam "SAV Torgelow"]

1. e4 c5 2. Nf3 Nc6 3. Bc4 g6 4. O-O Bg7 5. c3 e6 6. d4 d5 7. exd5 exd5 8. Bb3
cxd4 9. Nxd4 Nxd4 10. cxd4 Ne7 11. Nc3 h6 12. Bf4 O-O 13. Qd2 Kh7 14. Nb5 Bd7
15. Nc7 Rc8 16. Nxd5 Nxd5 17. Bxd5 Bb5 18. Bxb7 Bxf1 19. Bxc8 Qxd4 20. Qxd4
Bxd4 21. Bg4 Bc4 22. Rd1 Bxb2 23. Rb1 1/2-1/2